[Event "Scarborough CC Spring Swiss U1700"]
[Site "Toronto CAN"]
[Date "2009.05.21"]
[Round "4"]
[White "Pishdad, Hassan"]
[Black "Woolford, Jesse"]
[Result "1/2-1/2"]
[WhiteElo "1382"]
[BlackElo "1234"]
[PlyCount "87"]
[GameId "2160767910157064"]
[EventDate "2009.04.30"]
[EventType "swiss"]
[EventRounds "8"]
[EventCountry "CAN"]
[SourceTitle "EXT 2011"]
[Source "ChessBase"]
[SourceDate "2011.11.26"]
[SourceVersion "1"]
[SourceVersionDate "2011.11.26"]
[SourceQuality "1"]

1. e4 e6 2. d4 d5 3. e5 c5 4. Bb5+ Bd7 5. Bxd7+ Nxd7 6. Be3 Qc7 7. Nf3 Nh6 8. Bxh6 gxh6 9. c3 cxd4 10. cxd4 Bb4+ 11. Nbd2 Nb6 12. O-O Bxd2 13. Qxd2 Nc4 14. Qxh6 Nxb2 15. Qg7 O-O-O 16. Rfc1 Nc4 17. Qh6 Kb8 18. Qf6 Qd7 19. Ng5 Rde8 20. Qxf7 Qxf7 21. Nxf7 Rhg8 22. Rc3 Ref8 23. Nh6 Rg6 24. Rh3 Nd2 25. Rd1 Nf3+ 26. Kf1 Ng5 27. Rh4 Ne4 28. f3 Nc3 29. Rd2 Ne4 30. Rd3 Ng5 31. Ng4 Rf4 32. Ke2 Rf7 33. Nf6 h6 34. f4 Nh7 35. Rg4 Rxg4 36. Nxg4 Rxf4 37. Nxh6 Rh4 38. Nf7 Rxh2 39. Kf3 Rh5 40. Kg4 Rf5 41. Nd6 Rg5+ 42. Kf3 a6 43. Rc3 Rg8 44. g4 1/2-1/2

[Event "Scarborough CC Spring Swiss U1700"]
[Site "Toronto CAN"]
[Date "2009.05.21"]
[Round "4"]
[White "Xie, Peter"]
[Black "Bao, Stephen"]
[Result "0-1"]
[WhiteElo "1442"]
[BlackElo "1466"]
[PlyCount "58"]
[GameId "2160767910157065"]
[EventDate "2009.04.30"]
[EventType "swiss"]
[EventRounds "8"]
[EventCountry "CAN"]
[SourceTitle "EXT 2011"]
[Source "ChessBase"]
[SourceDate "2011.11.26"]
[SourceVersion "1"]
[SourceVersionDate "2011.11.26"]
[SourceQuality "1"]

1. e4 c5 2. Nc3 Nc6 3. d3 g6 4. Nf3 e6 5. Bd2 Bg7 6. g3 Nge7 7. Qc1 O-O 8. Bh6 d5 9. Bxg7 Kxg7 10. exd5 exd5 11. Bg2 Qa5 12. O-O h6 13. Re1 Be6 14. Ne2 f5 15. Nf4 Bf7 16. Ne5 Nxe5 17. Rxe5 Nc6 18. Ne6+ Kf6 19. Nxf8 Nxe5 20. Qxh6 Ng4 21. Qh8+ Ke7 22. Nxg6+ Bxg6 23. Qxa8 Qd2 24. Qxb7+ Kf6 25. Qc6+ Kg5 26. h4+ Kh5 27. Qxc5 Nf6 28. Bf3+ Ng4 29. Qf8 Qxf2+ 0-1

[Event "Scarborough CC Spring Swiss U1700"]
[Site "Toronto CAN"]
[Date "2009.05.28"]
[Round "5"]
[White "Bao, Stephen"]
[Black "Philip, Andrew"]
[Result "1/2-1/2"]
[WhiteElo "1466"]
[BlackElo "1578"]
[PlyCount "75"]
[GameId "2160767910157066"]
[EventDate "2009.04.30"]
[EventType "swiss"]
[EventRounds "8"]
[EventCountry "CAN"]
[SourceTitle "EXT 2011"]
[Source "ChessBase"]
[SourceDate "2011.11.26"]
[SourceVersion "1"]
[SourceVersionDate "2011.11.26"]
[SourceQuality "1"]

1. e4 d5 2. exd5 Qxd5 3. Nc3 Qa5 4. d4 Nf6 5. Bc4 Bf5 6. Nf3 c6 7. a3 e6 8. Bd2 Qc7 9. h3 h6 10. Bb3 Bd6 11. Qe2 O-O 12. Nh4 Bh7 13. O-O-O Nbd7 14. Rhf1 Nd5 15. g3 N7f6 16. Ng2 Nxc3 17. Bxc3 Ne4 18. Be1 b5 19. g4 a5 20. c3 Nf6 21. f4 b4 22. a4 bxc3 23. Bxc3 Be4 24. Bd2 c5 25. Bc3 Bxg2 26. Qxg2 Bxf4+ 27. Kb1 cxd4 28. Rxd4 Be3 29. Rd3 Qb6 30. Bc4 Bg5 31. Rfd1 Rac8 32. Bb5 Nd5 33. Bd2 Bf6 34. g5 hxg5 35. Bxg5 Bxg5 36. Qxg5 Qf2 37. R3d2 Qf3 38. Qh4 1/2-1/2

[Event "Scarborough CC Spring Swiss U1700"]
[Site "Toronto CAN"]
[Date "2009.05.28"]
[Round "5"]
[White "Cuttress, Colin"]
[Black "Rogers, Michael"]
[Result "1-0"]
[WhiteElo "1560"]
[BlackElo "1416"]
[PlyCount "51"]
[GameId "2160767910157067"]
[EventDate "2009.04.30"]
[EventType "swiss"]
[EventRounds "8"]
[EventCountry "CAN"]
[SourceTitle "EXT 2011"]
[Source "ChessBase"]
[SourceDate "2011.11.26"]
[SourceVersion "1"]
[SourceVersionDate "2011.11.26"]
[SourceQuality "1"]

1. e4 c5 2. Nf3 d6 3. d4 cxd4 4. Nxd4 Nf6 5. Nc3 a6 6. Bd3 Nc6 7. Nxc6 bxc6 8. Bg5 Qb6 9. Rb1 Ng4 10. O-O g6 11. h3 Ne5 12. Be3 Qd8 13. f4 Nxd3 14. Qxd3 Bg7 15. Bd4 e5 16. fxe5 c5 17. Be3 Bxe5 18. Ne2 O-O 19. Bf4 Re8 20. b3 Qh4 21. Bxe5 Rxe5 22. Rf4 Qg5 23. Rbf1 Bxh3 24. Qxh3 Rae8 25. Rxf7 Rxe4 26. Qxh7# 1-0

[Event "Scarborough CC Spring Swiss U1700"]
[Site "Toronto CAN"]
[Date "2009.05.28"]
[Round "5"]
[White "Gaffney, Kevin"]
[Black "Dattani, Dinesh"]
[Result "1-0"]
[WhiteElo "1561"]
[BlackElo "1423"]
[PlyCount "39"]
[GameId "2160767910157068"]
[EventDate "2009.04.30"]
[EventType "swiss"]
[EventRounds "8"]
[EventCountry "CAN"]
[SourceTitle "EXT 2011"]
[Source "ChessBase"]
[SourceDate "2011.11.26"]
[SourceVersion "1"]
[SourceVersionDate "2011.11.26"]
[SourceQuality "1"]

1. e4 e5 2. Nf3 Nc6 3. Nc3 Nf6 4. d4 exd4 5. Nxd4 Bc5 6. Nxc6 bxc6 7. Bd3 d6 8. O-O O-O 9. Bg5 Bd4 10. Qd2 Re8 11. Rae1 Qd7 12. Ne2 Nxe4 13. Bxe4 Rxe4 14. Nxd4 Rxe1 15. Rxe1 Bb7 16. Re7 Qg4 17. h3 Qc8 18. Qf4 f6 19. Bxf6 gxf6 20. Qh6 1-0

[Event "Scarborough CC Spring Swiss U1700"]
[Site "Toronto CAN"]
[Date "2009.05.28"]
[Round "5"]
[White "Roe, Jim"]
[Black "Yusuf, Magas"]
[Result "1-0"]
[WhiteElo "1552"]
[BlackElo "1380"]
[PlyCount "83"]
[GameId "2160767910157070"]
[EventDate "2009.04.30"]
[EventType "swiss"]
[EventRounds "8"]
[EventCountry "CAN"]
[SourceTitle "EXT 2011"]
[Source "ChessBase"]
[SourceDate "2011.11.26"]
[SourceVersion "1"]
[SourceVersionDate "2011.11.26"]
[SourceQuality "1"]

1. d4 d5 2. c4 c6 3. Nc3 Nf6 4. e3 e6 5. Nf3 Nbd7 6. Bd2 Be7 7. Rc1 O-O 8. Qc2 dxc4 9. Bxc4 b5 10. Bd3 a6 11. Ne5 h6 12. Nxc6 Qe8 13. Nxe7+ Qxe7 14. O-O Bb7 15. f3 Rac8 16. Qd1 h5 17. Ne4 Nd5 18. a3 h4 19. Qe2 f5 20. Nc3 e5 21. Nxd5 Bxd5 22. Bb4 Qg5 23. Bxf8 Rxf8 24. e4 fxe4 25. fxe4 Rxf1+ 26. Rxf1 Be6 27. d5 Bg4 28. Qf2 Nf6 29. Kh1 Bh5 30. a4 Ng4 31. Qf8+ Kh7 32. Qf5+ Kh6 33. Qxg5+ Kxg5 34. axb5 axb5 35. Bxb5 Nf6 36. Rf5+ Kg6 37. Rxe5 Kf7 38. d6 Bg4 39. b4 g6 40. Bc4+ Kf8 41. Re7 Ne8 42. e5 1-0

[Event "Scarborough CC Spring Swiss U1700"]
[Site "Toronto CAN"]
[Date "2009.05.28"]
[Round "5"]
[White "Smith, Maurice"]
[Black "Karpik, Steve"]
[Result "0-1"]
[WhiteElo "1674"]
[BlackElo "1498"]
[PlyCount "122"]
[GameId "2160767910157071"]
[EventDate "2009.04.30"]
[EventType "swiss"]
[EventRounds "8"]
[EventCountry "CAN"]
[SourceTitle "EXT 2011"]
[Source "ChessBase"]
[SourceDate "2011.11.26"]
[SourceVersion "1"]
[SourceVersionDate "2011.11.26"]
[SourceQuality "1"]

1. d4 Nf6 2. c4 d6 3. Nc3 g6 4. e4 Bg7 5. Nf3 O-O 6. Be2 a6 7. O-O Nbd7 8. Bg5 c5 9. d5 Ng4 10. h3 Nge5 11. Nxe5 Nxe5 12. f4 Nd7 13. Bh4 Re8 14. Qc2 Nb6 15. Rae1 Qc7 16. Bg3 e5 17. fxe5 Bxe5 18. Bxe5 Rxe5 19. Rf4 Bd7 20. Ref1 Rf8 21. Nd1 Qc8 22. Kh2 Na8 23. Nf2 h5 24. Rf6 Nc7 25. Qc3 b5 26. Qg3 Ne8 27. Rxd6 Nxd6 28. Qxe5 Nxc4 29. Bxc4 bxc4 30. Qf6 Bb5 31. Re1 Qd7 32. g4 hxg4 33. Nxg4 Qd8 34. Qe5 f6 35. Qe6+ Kg7 36. d6 Qd7 37. Qd5 Rd8 38. Rd1 Re8 39. Qd2 Rxe4 40. Qh6+ Kf7 41. Qh7+ Ke6 42. Qxd7+ Bxd7 43. Rd2 Rd4 44. Re2+ Kf5 45. Rf2+ Kg5 46. Nxf6 Bf5 47. Ng8 Rxd6 48. Ne7 Rd3 49. Nxf5 gxf5 50. Rg2+ Kf6 51. Rf2 c3 52. bxc3 Rxc3 53. h4 c4 54. Rd2 Rd3 55. Rb2 c3 56. Rb6+ Ke5 57. Rc6 Rd2+ 58. Kh3 c2 59. Rc8 Kf4 60. Rc4+ Ke3 61. Rc3+ Ke2 0-1

[Event "Scarborough CC Spring Swiss U1700"]
[Site "Toronto CAN"]
[Date "2009.05.28"]
[Round "5"]
[White "Xie, Peter"]
[Black "Xi, Jason"]
[Result "0-1"]
[WhiteElo "1442"]
[BlackElo "1095"]
[PlyCount "100"]
[GameId "2160767910157072"]
[EventDate "2009.04.30"]
[EventType "swiss"]
[EventRounds "8"]
[EventCountry "CAN"]
[SourceTitle "EXT 2011"]
[Source "ChessBase"]
[SourceDate "2011.11.26"]
[SourceVersion "1"]
[SourceVersionDate "2011.11.26"]
[SourceQuality "1"]

1. e4 c5 2. Nc3 d6 3. d3 Nf6 4. Nf3 g6 5. g3 Bg7 6. Bg2 O-O 7. Bg5 Nc6 8. O-O Qb6 9. Rb1 h6 10. Be3 Be6 11. a3 Qc7 12. Nb5 Qd7 13. c4 Ng4 14. Nc3 Nxe3 15. fxe3 Rab8 16. Nd5 a6 17. b4 cxb4 18. axb4 b5 19. cxb5 Rxb5 20. Qa4 Qb7 21. Rfc1 Bxd5 22. exd5 Nxb4 23. Rc6 Nxd5 24. Rxb5 Qxb5 25. Qxa6 Qxa6 26. Rxa6 Nxe3 27. Ra1 Nxg2 28. Kxg2 Bf6 29. h4 Rc8 30. g4 Rc2+ 31. Kg3 g5 32. hxg5 hxg5 33. Ra8+ Kg7 34. Ra7 Rc3 35. Ne1 Kg6 36. Kf3 Rc1 37. Ke2 Rc5 38. Nf3 e6 39. Rd7 d5 40. Ra7 Bg7 41. Ra8 f5 42. gxf5+ exf5 43. Ra6+ Kh5 44. Ra4 Rc2+ 45. Kf1 Rc6 46. Ra5 g4 47. Rxd5 gxf3 48. Rxf5+ Kg4 49. Rf7 Rc1+ 50. Kf2 Bd4# 0-1

[Event "Scarborough CC Spring Swiss U1700"]
[Site "Toronto CAN"]
[Date "2009.05.28"]
[Round "5.22"]
[White "Woolford, Jesse"]
[Black "Farrant, David"]
[Result "1/2-1/2"]
[WhiteElo "1234"]
[BlackElo "1498"]
[PlyCount "75"]
[GameId "2160767910157073"]
[EventDate "2009.04.30"]
[EventType "swiss"]
[EventRounds "8"]
[EventCountry "CAN"]

1. e4 c5 2. Nc3 e6 3. f4 a6 4. Nf3 d5 5. e5 Ne7 6. d4 c4 7. Be2 Nf5 8. a3 Be7 9. O-O Nc6 10. g4 Nh4 11. Nxh4 Bxh4 12. Kg2 g5 13. fxg5 Bxg5 14. Bxg5 Qxg5 15. h3 Bd7 16. Nb1 h5 17. c3 Ke7 18. Qd2 Qg6 19. g5 h4 20. Rf6 Qg7 21. Qf4 Rag8 22. Kh2 Nd8 23. Nd2 Qxg5 24. Qxg5 Rxg5 25. Nf3 Rg6 26. Rf4 Ba4 27. Rxh4 Rxh4 28. Nxh4 Rh6 29. Nf3 Bc2 30. Rg1 Bf5 31. h4 f6 32. Rg7+ Kf8 33. exf6 Rxf6 34. Rg2 Be4 35. Rf2 Nf7 36. Kg3 Nd6 37. Rh2 Nf5+ 38. Kf2 1/2-1/2

[Event "Scarborough CC Spring Swiss U1700"]
[Site "Toronto CAN"]
[Date "2009.06.04"]
[Round "6"]
[White "Bao, Stephen"]
[Black "Smith, Maurice"]
[Result "1-0"]
[WhiteElo "1466"]
[BlackElo "1714"]
[PlyCount "85"]
[GameId "2160767910157074"]
[EventDate "2009.04.30"]
[EventType "swiss"]
[EventRounds "8"]
[EventCountry "CAN"]
[SourceTitle "EXT 2011"]
[Source "ChessBase"]
[SourceDate "2011.11.26"]
[SourceVersion "1"]
[SourceVersionDate "2011.11.26"]
[SourceQuality "1"]

1. e4 c5 2. Nf3 d6 3. d4 cxd4 4. Nxd4 Nf6 5. Nc3 g6 6. Be3 Bg7 7. Qd2 Bd7 8. Bc4 Nc6 9. a3 Rc8 10. Nxc6 Bxc6 11. f3 O-O 12. O-O-O a6 13. Bb3 Qa5 14. Qf2 Qc7 15. Bb6 Qb8 16. Kb1 Nd7 17. Bd4 Ne5 18. h3 b5 19. f4 Nc4 20. g4 Ba8 21. Nd5 Bxd5 22. exd5 Bxd4 23. Qxd4 Rc5 24. Rhe1 Qb7 25. h4 Rfc8 26. Re2 R8c7 27. h5 b4 28. a4 Na5 29. hxg6 fxg6 30. Rh2 Nxb3 31. cxb3 Qa7 32. Qe4 e5 33. dxe6 d5 34. Qh1 d4 35. f5 gxf5 36. gxf5 Rxf5 37. Rg1+ Kh8 38. Rhg2 Rf8 39. Qh6 Qa8 40. Rg7 Qe4+ 41. Ka2 Rcc8 42. Rg8+ Rxg8 43. Qf6+ 1-0

[Event "Scarborough CC Spring Swiss U1700"]
[Site "Toronto CAN"]
[Date "2009.06.04"]
[Round "6"]
[White "Dattani, Dinesh"]
[Black "Sun, Jason"]
[Result "1-0"]
[WhiteElo "1423"]
[BlackElo "1100"]
[PlyCount "53"]
[GameId "2160767910157075"]
[EventDate "2009.04.30"]
[EventType "swiss"]
[EventRounds "8"]
[EventCountry "CAN"]
[SourceTitle "EXT 2011"]
[Source "ChessBase"]
[SourceDate "2011.11.26"]
[SourceVersion "1"]
[SourceVersionDate "2011.11.26"]
[SourceQuality "1"]

1. d4 Nf6 2. c4 d5 3. Nc3 dxc4 4. e3 Bg4 5. Nf3 h5 6. Bxc4 c6 7. Qb3 b5 8. Bxf7+ Kd7 9. Ne5+ Kc7 10. Nxg4 hxg4 11. Bd2 a5 12. O-O a4 13. Qc2 Nd5 14. Nxd5+ Kb7 15. Nb4 Rh6 16. d5 cxd5 17. Bxd5+ Nc6 18. Bxc6+ Rxc6 19. Qxc6+ Kb8 20. Rac1 Ka7 21. Qa6+ Kb8 22. Nc6+ Kc7 23. Nxd8+ Kxd8 24. Qc6 e5 25. Qd5+ Ke8 26. Rc7 Rd8 27. Qf7# 1-0

[Event "Scarborough CC Spring Swiss U1700"]
[Site "Toronto CAN"]
[Date "2009.06.04"]
[Round "6"]
[White "Farrant-Diaz, Nathan"]
[Black "Xie, Peter"]
[Result "0-1"]
[WhiteElo "1436"]
[BlackElo "1442"]
[PlyCount "50"]
[GameId "2160767910157077"]
[EventDate "2009.04.30"]
[EventType "swiss"]
[EventRounds "8"]
[EventCountry "CAN"]
[SourceTitle "EXT 2011"]
[Source "ChessBase"]
[SourceDate "2011.11.26"]
[SourceVersion "1"]
[SourceVersionDate "2011.11.26"]
[SourceQuality "1"]

1. e4 e5 2. Nf3 Nc6 3. d4 exd4 4. Nxd4 Nf6 5. Nc3 Bc5 6. Be3 Bb6 7. Be2 O-O 8. O-O d5 9. e5 Nxe5 10. Bg5 c6 11. Na4 Qd6 12. Nxb6 axb6 13. f4 Neg4 14. Qd3 h6 15. Bh4 Ne4 16. Bxg4 Bxg4 17. f5 Nc5 18. Qd2 f6 19. b4 Ne4 20. Qc1 Rfe8 21. Nb3 Qxb4 22. a3 Qd6 23. c3 Nc5 24. Nd4 Be2 25. Rf2 Nd3 0-1

[Event "Scarborough CC Spring Swiss U1700"]
[Site "Toronto CAN"]
[Date "2009.06.11"]
[Round "7"]
[White "Lin, Tony (Juntao)"]
[Black "Karpik, Steve"]
[Result "1-0"]
[WhiteElo "1504"]
[BlackElo "1498"]
[PlyCount "85"]
[GameId "2160767910157079"]
[EventDate "2009.04.30"]
[EventType "swiss"]
[EventRounds "8"]
[EventCountry "CAN"]

1. e4 d6 2. d4 Nf6 3. Nc3 g6 4. f4 Bg7 5. Nf3 O-O 6. Be2 Nbd7 7. e5 dxe5 8. fxe5 Ne8 9. Be3 e6 10. Qd2 Nb6 11. Bh6 c6 12. Bxg7 Kxg7 13. O-O-O Nd5 14. Nxd5 cxd5 15. g4 f5 16. g5 a5 17. Kb1 a4 18. a3 Qa5 19. Qxa5 Rxa5 20. h4 Bd7 21. h5 Bb5 22. Bxb5 Rxb5 23. Rd2 Rb6 24. Rdh2 Kf7 25. hxg6+ hxg6 26. Ne1 Ng7 27. Nd3 Rc6 28. Nc5 b5 29. c3 Rc7 30. Rh6 Re8 31. Nd3 Rg8 32. Nf4 Ne8 33. Rh7+ Rg7 34. Rxg7+ Nxg7 35. Rh6 b4 36. axb4 Ra7 37. Ka2 Rc7 38. Nxg6 Nh5 39. Nh8+ Kg8 40. Rxh5 Rh7 41. Rxh7 Kxh7 42. Kb1 Kxh8 43. b5 1-0

[Event "Scarborough CC Spring Swiss U1700"]
[Site "Toronto CAN"]
[Date "2009.06.11"]
[Round "7"]
[White "Pishdad, Hassan"]
[Black "Farrant-Diaz, Nathan"]
[Result "1-0"]
[WhiteElo "1382"]
[BlackElo "1436"]
[PlyCount "45"]
[GameId "2160767910157081"]
[EventDate "2009.04.30"]
[EventType "swiss"]
[EventRounds "8"]
[EventCountry "CAN"]
[SourceTitle "EXT 2011"]
[Source "ChessBase"]
[SourceDate "2011.11.26"]
[SourceVersion "1"]
[SourceVersionDate "2011.11.26"]
[SourceQuality "1"]

1. e4 b6 2. Nc3 Bb7 3. d4 e6 4. Bd3 Nf6 5. Nge2 Bb4 6. f3 O-O 7. Bg5 h6 8. Bh4 Be7 9. Bxf6 Bxf6 10. O-O Nc6 11. Bc4 d5 12. exd5 Na5 13. Bb3 exd5 14. Nf4 Nxb3 15. axb3 Bg5 16. Nfe2 Be3+ 17. Kh1 c5 18. f4 cxd4 19. Nxd4 Qf6 20. Nce2 Ba6 21. Rxa6 Rfe8 22. c3 Re4 23. Ra4 1-0

[Event "Scarborough CC Spring Swiss U1700"]
[Site "Toronto CAN"]
[Date "2009.06.11"]
[Round "7"]
[White "Walker, John"]
[Black "Yusuf, Magas"]
[Result "0-1"]
[WhiteElo "1326"]
[BlackElo "1380"]
[PlyCount "116"]
[GameId "2160767910157082"]
[EventDate "2009.04.30"]
[EventType "swiss"]
[EventRounds "8"]
[EventCountry "CAN"]
[SourceTitle "EXT 2011"]
[Source "ChessBase"]
[SourceDate "2011.11.26"]
[SourceVersion "1"]
[SourceVersionDate "2011.11.26"]
[SourceQuality "1"]

1. d4 d5 2. Nf3 Nf6 3. e3 e6 4. Bd3 Nbd7 5. Nbd2 c5 6. b3 cxd4 7. exd4 Qc7 8. Bb2 Bd6 9. Qe2 O-O 10. Ne5 Bb4 11. a3 Bc3 12. Bxc3 Qxc3 13. O-O Qxd4 14. Nef3 Qb6 15. Ne5 Nc5 16. Qe3 Qc7 17. Be2 Nce4 18. Nxe4 Nxe4 19. Rac1 Qxe5 20. f3 Qg5 21. Qxg5 Nxg5 22. h4 Nxf3+ 23. Rxf3 Bd7 24. c4 dxc4 25. Bxc4 Rac8 26. Rd3 Rfd8 27. Rcd1 Kf8 28. Rxd7 Rxd7 29. Rxd7 Rb8 30. Bd3 Ke8 31. Rc7 h6 32. Be4 a5 33. Bxb7 g5 34. hxg5 hxg5 35. Rc8+ Rxc8 36. Bxc8 Kd8 37. Ba6 Kc7 38. Bb5 Kd6 39. Kf2 Kc5 40. a4 f5 41. Bc4 e5 42. Be6 f4 43. Kf3 Kd6 44. Bg8 Ke7 45. Ke4 Kf6 46. Bc4 g4 47. Bd5 g3 48. Bc4 Kg5 49. Kxe5 f3 50. gxf3 g2 51. f4+ Kg4 52. Be6+ Kg3 53. f5 g1=Q 54. f6 Qe3+ 55. Kd6 Qf4+ 56. Ke7 Qh4 57. Kf7 Kf4 58. Kg7 Qg5+ 0-1

[Event "Scarborough CC Spring Swiss U1700"]
[Site "Toronto CAN"]
[Date "2009.06.11"]
[Round "7"]
[White "Yie, Kevin Yi Xiao"]
[Black "Dattani, Dinesh"]
[Result "0-1"]
[WhiteElo "914"]
[BlackElo "1423"]
[PlyCount "38"]
[GameId "2160767910157084"]
[EventDate "2009.04.30"]
[EventType "swiss"]
[EventRounds "8"]
[EventCountry "CAN"]
[SourceTitle "EXT 2011"]
[Source "ChessBase"]
[SourceDate "2011.11.26"]
[SourceVersion "1"]
[SourceVersionDate "2011.11.26"]
[SourceQuality "1"]

1. e4 e5 2. Nf3 Nf6 3. Nc3 Nc6 4. Bc4 Bc5 5. Ng5 O-O 6. O-O a6 7. a4 d6 8. d3 Bg4 9. Qe1 Nd4 10. Bxf7+ Rxf7 11. Nxf7 Kxf7 12. Qd2 h6 13. h3 Bh5 14. Re1 Qd7 15. Ne2 Nf3+ 16. gxf3 Qxh3 17. Nd4 Bxd4 18. Qe2 Bxf3 19. Qf1 Qh1# 0-1

[Event "Scarborough CC Spring Swiss U1700"]
[Site "Toronto CAN"]
[Date "2009.06.18"]
[Round "8"]
[White "Bao, Stephen"]
[Black "Graham, John"]
[Result "1/2-1/2"]
[WhiteElo "1466"]
[BlackElo "1464"]
[PlyCount "89"]
[GameId "2160767910157085"]
[EventDate "2009.04.30"]
[EventType "swiss"]
[EventRounds "8"]
[EventCountry "CAN"]
[SourceTitle "EXT 2011"]
[Source "ChessBase"]
[SourceDate "2011.11.26"]
[SourceVersion "1"]
[SourceVersionDate "2011.11.26"]
[SourceQuality "1"]

1. e4 e5 2. Nf3 Nc6 3. Bb5 d6 4. d4 exd4 5. Nxd4 Bd7 6. Nxc6 Bxc6 7. Bxc6+ bxc6 8. O-O Be7 9. Qg4 Bf6 10. Re1 Ne7 11. Nc3 Ng6 12. Qg3 O-O 13. Ne2 Re8 14. Qd3 Qe7 15. Ng3 Ne5 16. Nf5 Nxd3 17. Nxe7+ Rxe7 18. cxd3 Rae8 19. Rb1 h6 20. Bd2 Bd4 21. Be3 c5 22. Bxd4 cxd4 23. f3 f5 24. Re2 d5 25. Rc1 dxe4 26. fxe4 fxe4 27. Rxe4 Rxe4 28. dxe4 Rxe4 29. Rxc7 d3 30. Rd7 Re3 31. a4 a5 32. b3 d2 33. Rxd2 Rxb3 34. Rd5 Ra3 35. Rxa5 Ra2 36. Ra7 Kh7 37. h4 h5 38. a5 Kg6 39. a6 Kf6 40. Kh2 g5 41. hxg5+ Kxg5 42. Ra8 Kh4 43. a7 Ra3 44. Rg8 Rh3+ 45. gxh3 1/2-1/2

[Event "Scarborough CC Spring Swiss U1700"]
[Site "Toronto CAN"]
[Date "2009.06.18"]
[Round "8"]
[White "Dattani, Dinesh"]
[Black "Pishdad, Hassan"]
[Result "0-1"]
[WhiteElo "1423"]
[BlackElo "1382"]
[PlyCount "63"]
[GameId "2160767910157086"]
[EventDate "2009.04.30"]
[EventType "swiss"]
[EventRounds "8"]
[EventCountry "CAN"]
[SourceTitle "EXT 2011"]
[Source "ChessBase"]
[SourceDate "2011.11.26"]
[SourceVersion "1"]
[SourceVersionDate "2011.11.26"]
[SourceQuality "1"]

1. e4 c5 2. Nf3 Nc6 3. d4 Nxd4 4. Nxd4 cxd4 5. Qxd4 e6 6. Bb5 a6 7. Ba4 b5 8. Bb3 Bb7 9. Bd2 Qc7 10. O-O e5 11. Qd3 Nf6 12. Nc3 Bc5 13. Nd5 Nxd5 14. Bxd5 d6 15. Rad1 Bxd5 16. Qxd5 O-O 17. Kh1 Rad8 18. f4 b4 19. c3 Qb6 20. cxb4 Bxb4 21. Qb3 Bc5 22. Rf3 Qc6 23. Qc2 Qe8 24. Ba5 Rc8 25. Qd3 Qb5 26. Bc3 f6 27. Qd5+ Kh8 28. Qe6 Qe2 29. Rdf1 Qxe4 30. fxe5 Rce8 31. Rxf6 gxf6 32. exf6 0-1

[Event "Scarborough CC Spring Swiss U1700"]
[Site "Toronto CAN"]
[Date "2009.06.18"]
[Round "8"]
[White "Gaffney, Kevin"]
[Black "Lin, Tony (Juntao)"]
[Result "1/2-1/2"]
[WhiteElo "1561"]
[BlackElo "1432"]
[PlyCount "75"]
[GameId "2160767910157087"]
[EventDate "2009.04.30"]
[EventType "swiss"]
[EventRounds "8"]
[EventCountry "CAN"]

1. e4 e6 2. d4 d5 3. Nd2 dxe4 4. Nxe4 Bd7 5. Nf3 Be7 6. Bd3 Nf6 7. Qe2 Nc6 8. c3 O-O 9. O-O a6 10. Bd2 Rc8 11. Rad1 h6 12. Nxf6+ Bxf6 13. Qe4 g6 14. Bxh6 Bg7 15. Bxg7 Kxg7 16. h4 Rh8 17. Ng5 Qe7 18. Rfe1 Rh6 19. d5 Nd8 20. dxe6 Nxe6 21. Nxe6+ Bxe6 22. Qxb7 Qxh4 23. Kf1 Bg4 24. f3 Qh1+ 25. Kf2 Qh4+ 26. Ke2 Re8+ 27. Be4 Bf5 28. Kd3 Rd8+ 29. Kc2 Qf2+ 30. Kc1 Bxe4 31. Qxe4 Rxd1+ 32. Rxd1 Qxg2 33. Rd2 Qf1+ 34. Kc2 Rh1 35. Qd4+ Kh7 36. Qd5 Kg7 37. Qd4+ Kh7 38. Qd5 1/2-1/2

[Event "Scarborough CC Spring Swiss U1700"]
[Site "Toronto CAN"]
[Date "2009.06.18"]
[Round "8"]
[White "Karpik, Steve"]
[Black "Termeer, Ted"]
[Result "1/2-1/2"]
[WhiteElo "1498"]
[BlackElo "1482"]
[PlyCount "111"]
[GameId "2160767910157088"]
[EventDate "2009.04.30"]
[EventType "swiss"]
[EventRounds "8"]
[EventCountry "CAN"]
[SourceTitle "EXT 2011"]
[Source "ChessBase"]
[SourceDate "2011.11.26"]
[SourceVersion "1"]
[SourceVersionDate "2011.11.26"]
[SourceQuality "1"]

1. Nf3 d5 2. c4 e6 3. g3 Nc6 4. cxd5 exd5 5. d4 Bb4+ 6. Bd2 Bxd2+ 7. Qxd2 Nf6 8. Nc3 Be6 9. Bg2 h6 10. O-O O-O 11. a3 b6 12. b4 Ne7 13. Rac1 Rc8 14. Nb5 a6 15. Nc3 Ng6 16. e3 Ne8 17. Rfe1 Nd6 18. Qa2 Nc4 19. Nd2 b5 20. a4 c6 21. Nxc4 bxc4 22. e4 Qb6 23. exd5 cxd5 24. Bxd5 Bxd5 25. Nxd5 Qxd4 26. Red1 Qe4 27. Nc3 Qe6 28. Re1 Qc6 29. Rcd1 f6 30. Re4 Ne5 31. Qe2 Rfe8 32. Rdd4 Rcd8 33. Rxd8 Rxd8 34. f4 Nd3 35. Re6 Qc8 36. Nd5 Kh8 37. Ne7 Qa8 38. Nc6 Rf8 39. Qe4 Nb2 40. a5 Rc8 41. Qg6 Nd3 42. Re7 Rg8 43. Nd4 Nxb4 44. Nf5 Qf8 45. Rf7 Qc5+ 46. Kg2 Qc6+ 47. Kh3 Qe6 48. Rxg7 Qxf5+ 49. Qxf5 Kxg7 50. Qd7+ Kh8 51. Qf7 Rg7 52. Qf8+ Kh7 53. Qxf6 Nd3 54. Qf5+ Rg6 55. Qf7+ Rg7 56. Qf5+ 1/2-1/2

[Event "Scarborough CC Spring Swiss U1700"]
[Site "Toronto CAN"]
[Date "2009.06.18"]
[Round "8"]
[White "Rogers, Michael"]
[Black "Roe, Jim"]
[Result "0-1"]
[WhiteElo "1416"]
[BlackElo "1552"]
[PlyCount "62"]
[GameId "2160767910157089"]
[EventDate "2009.04.30"]
[EventType "swiss"]
[EventRounds "8"]
[EventCountry "CAN"]
[SourceTitle "EXT 2011"]
[Source "ChessBase"]
[SourceDate "2011.11.26"]
[SourceVersion "1"]
[SourceVersionDate "2011.11.26"]
[SourceQuality "1"]

1. e4 e6 2. d4 d5 3. Nd2 Nf6 4. e5 Nfd7 5. Bd3 c5 6. c3 Nc6 7. Ndf3 f5 8. Ne2 Be7 9. O-O O-O 10. Nf4 Nb6 11. g3 cxd4 12. cxd4 Bd7 13. a3 Rc8 14. Nh4 Bxh4 15. gxh4 Qxh4 16. Bb5 Qe7 17. Kh1 Nxe5 18. dxe5 Bxb5 19. Rg1 Bc6 20. Qh5 Be8 21. Qh3 Nc4 22. Nd3 Qc7 23. Bf4 Qf7 24. Bh6 g6 25. Rg3 Bc6 26. Bxf8 Qxf8 27. b3 Nd2 28. Nf4 Qf7 29. Rag1 Ne4 30. Rf3 d4 31. Qh4 Nd2 0-1